[Event "Rio de Janeiro Sartori Memorial 2nd"]
[Site "Rio de Janeiro"]
[Date "2018.07.17"]
[Round "5"]
[White "Murilo, Sergio"]
[Black "Telek, Ian"]
[Result "1-0"]
[WhiteElo "1954"]
[BlackElo "1923"]
[PlyCount "90"]
[EventDate "2018.06.19"]
[EventType "swiss"]
[EventRounds "6"]
[EventCountry "BRA"]
[SourceTitle "EXT 2019"]
[Source "ChessBase"]
[SourceDate "2018.10.10"]
[SourceVersion "1"]
[SourceVersionDate "2018.10.10"]
[SourceQuality "1"]

1. e4 c5 2. Nf3 e6 3. Nc3 Nc6 4. a3 a6 5. d4 cxd4 6. Nxd4 Qc7 7. Nxc6 Qxc6 8. Be2 Bc5 9. Bf3 Ne7 10. 0-0 Qc7 11. Ne2 d6 12. b4 Ba7 13. Bb2 0-0 14. Rc1 b5 15. Qd3 Bb7 16. c4 Qd7 17. Rfd1 Rfd8 18. Qc3 f6 19. Qb3 bxc4 20. Qxc4 Rac8 21. Qb3 Bc6 22. Qd3 d5 23. exd5 Nxd5 24. Qb1 Qb7 25. Qe4 e5 26. Qc4 Kh8 27. Qg4 Qb6 28. Bxd5 Qxf2+ 29. Kh1 Bxd5 30. Rxc8 Bxg2+ 31. Qxg2 Qxg2+ 32. Kxg2 Rxc8 33. Rd7 Bb8 34. Kf3 f5 35. Re7 e4+ 36. Kf2 Rg8 37. Ng3 e3+ 38. Kf3 f4 39. Ne2 h6 40. Nxf4 Bd6 41. Rd7 Bf8 42. Kxe3 Kh7 43. Ne6 h5 44. h4 Kg6 45. Ke4 Kh6 1-0

[Event "Rio de Janeiro Sartori Memorial 2nd"]
[Site "Rio de Janeiro"]
[Date "2018.07.03"]
[Round "3"]
[White "Frota, Alvaro M"]
[Black "Murilo, Sergio"]
[Result "1-0"]
[WhiteElo "2107"]
[BlackElo "1954"]
[PlyCount "25"]
[EventDate "2018.06.19"]
[EventType "swiss"]
[EventRounds "6"]
[EventCountry "BRA"]
[SourceTitle "EXT 2019"]
[Source "ChessBase"]
[SourceDate "2018.10.10"]
[SourceVersion "1"]
[SourceVersionDate "2018.10.10"]
[SourceQuality "1"]

1. e4 c5 2. Nf3 d6 3. d4 cxd4 4. Nxd4 Nf6 5. Nc3 g6 6. f4 Bg7 7. e5 dxe5 8. fxe5 Ng4 9. Bb5+ Kf8 10. Ne6+ fxe6 11. Qxd8+ Kf7 12. 0-0+ Bf6 13. Qxh8 1-0

[Event "Rio de Janeiro Sartori Memorial 2nd"]
[Site "Rio de Janeiro"]
[Date "2018.06.19"]
[Round "1"]
[White "Murilo, Sergio"]
[Black "Faraco, Pedro Malheiros"]
[Result "1-0"]
[WhiteElo "1954"]
[BlackElo "1643"]
[PlyCount "33"]
[EventDate "2018.06.19"]
[EventType "swiss"]
[EventRounds "6"]
[EventCountry "BRA"]
[SourceTitle "EXT 2019"]
[Source "ChessBase"]
[SourceDate "2018.10.10"]
[SourceVersion "1"]
[SourceVersionDate "2018.10.10"]
[SourceQuality "1"]

1. f4 d5 2. d4 Nc6 3. Nf3 Bg4 4. e3 Nf6 5. a3 e6 6. Bd3 Ne4 7. 0-0 h5 8. Nbd2 f5 9. h3 Ng3 10. Re1 Bxf3 11. Nxf3 Be7 12. c4 b6 13. b4 dxc4 14. Bxc4 Qd7 15. Qb3 Rh6 16. Bb2 Bf6 17. Rad1 1-0

[Event "Rio de Janeiro Motta Memorial 2nd"]
[Site "Rio de Janeiro"]
[Date "2018.02.27"]
[Round "2"]
[White "Murilo, Sergio"]
[Black "Machado, Wallace Fernandes"]
[Result "1/2-1/2"]
[WhiteElo "1954"]
[BlackElo "1898"]
[PlyCount "144"]
[EventDate "2018.02.20"]
[EventType "swiss"]
[EventRounds "6"]
[EventCountry "BRA"]
[SourceTitle "CBM 183 Extra"]
[Source "ChessBase"]
[SourceDate "2018.04.19"]
[SourceVersion "1"]
[SourceVersionDate "2018.04.19"]
[SourceQuality "1"]

1. e4 c5 2. Nf3 e6 3. d4 cxd4 4. Nxd4 a6 5. Nc3 Qc7 6. a3 Nf6 7. Be2 Be7 8. g4 d6 9. g5 Nfd7 10. h4 Nc6 11. Nxc6 bxc6 12. Qd4 Ne5 13. f4 c5 14. Qd1 Nc6 15. Be3 Bd7 16. Bf3 Rb8 17. b3 Qa5 18. Qd2 Rc8 19. Ne2 Qxd2+ 20. Kxd2 f6 21. Rhg1 g6 22. Rad1 f5 23. Ke1 a5 24. Nc3 Rb8 25. exf5 gxf5 26. h5 Kd8 27. Kf2 d5 28. Bc1 Nd4 29. Rd2 Bd6 30. Re2 Nxe2 31. Nxe2 Bc7 32. Bb2 d4 33. Bc1 Ke7 34. Rd1 Bb5 35. a4 Ba6 36. Ng3 Rhd8 37. Re1 Kf7 38. g6+ hxg6 39. hxg6+ Kf6 40. Nh5+ Ke7 41. Ng7 Bc8 42. Nxf5+ Kf6 43. Nh4 Rh8 44. Rh1 Bd8 45. Kg3 Kg7 46. Be4 Bb7 47. Bxb7 Rxb7 48. f5 Bxh4+ 49. Rxh4 Rxh4 50. Kxh4 exf5 51. Kg5 Re7 52. Ba3 Re5 53. Kf4 Rd5 54. Kg5 f4+ 55. Kxf4 Kxg6 56. Ke4 Rf5 57. Kd3 Rf3+ 58. Kd2 c4 59. Bc5 c3+ 60. Ke2 Re3+ 61. Kf2 Re4 62. Kf3 Kf5 63. Bb6 d3 64. cxd3 Re6 65. Bxa5 c2 66. Bd2 Rb6 67. Bc1 Rxb3 68. Ke2 Rc3 69. Kd2 Rc6 70. Bb2 Ke6 71. Kc1 Kd7 72. d4 Kd6 1/2-1/2